Cities of San Diego County - Statistics

General Stats
  • This quiz has been taken 213 times
  • The average score is 12 of 18
Answers on the Map
Answers color-coded by a green-red scale on the quiz's map according to % correct below.
 
Answer Stats
Population Answer % Correct
1,386,932 San Diego
99%
275,487 Chula Vista
91%
174,068 Oceanside
84%
114,746 Carlsbad
77%
151,038 Escondido
75%
20,192 Coronado
72%
62,007 Encinitas
71%
3,954 Del Mar
70%
48,841 Poway
69%
26,137 Imperial Beach
64%
98,381 Vista
64%
106,215 El Cajon
62%
56,173 National City
62%
94,833 San Marcos
61%
61,121 La Mesa
59%
60,037 Santee
57%
12,941 Solana Beach
54%
27,627 Lemon Grove
46%
No matching quizzes found
Score Distribution
Percent of People with Each Score
Percentile by Number Answered
Your Score History
You have not taken this quiz